000 00561nam a2200193Ia 4500
008 101110s9999 xx 000 0 und d
041 _aMARATHI
082 _bSR13683
100 _aJoshi B.D.
245 _aVyaparvishayak Kayade Ani Audhyogik Kayade ( Pachavi Avrutti )
365 _b15
520 _aCommerce
546 _aMARATHI
630 _aVyaparvishayak Kayade Ani Audhyogik Kayade ( Pachavi Avrutti )
650 _aCommerce
655 _aCommerce
730 _aVyaparvishayak Kayade Ani Audhyogik Kayade ( Pachavi Avrutti )
942 _cBOOK
999 _c807847
_d807844